[Event "DEM U10w 2024"]
[Site "Willingen GER"]
[Date "2024.05.22"]
[Round "7"]
[White "Rhein, Linnea"]
[Black "Vignesh, Sara"]
[Result "0-1"]
[Termination "normal"]
[Board "15"]
[WhiteElo "1133"]
[BlackElo "1136"]
[WhiteClock "00:07:15"]
[BlackClock "00:39:10"]
[PlyCount "54"]
[WhiteFideId "34649018"]
[BlackFideId "34674756"]
[EventCountry "GER"]
[EventRounds "11"]
[EventType "swiss"]
[EventDate "2024.05.18"]

1. d4 {[%clk 01:15:58]} {[%emt 00:00:01]} Nf6 {[%clk 01:15:55]} {[%emt
00:00:05]} 2. Bf4 {[%clk 01:16:08]} {[%emt 00:00:20]} c6 {[%clk 01:16:20]}
{[%emt 00:00:05]} 3. e3 {[%clk 01:15:17]} {[%emt 00:01:21]} Qb6 {[%clk
01:16:38]} {[%emt 00:00:12]} 4. b3 {[%clk 01:13:25]} {[%emt 00:02:22]} g6
{[%clk 01:16:01]} {[%emt 00:01:07]} 5. Nf3 {[%clk 01:13:09]} {[%emt 00:00:45]}
Bg7 {[%clk 01:15:47]} {[%emt 00:00:44]} 6. Nc3 {[%clk 01:11:55]} {[%emt
00:01:45]} d6 {[%clk 01:13:40]} {[%emt 00:02:37]} 7. e4 {[%clk 01:08:30]}
{[%emt 00:03:54]} Bg4 {[%clk 01:10:20]} {[%emt 00:03:51]} 8. Bc4 {[%clk
01:05:55]} {[%emt 00:03:05]} Bxf3 {[%clk 01:09:10]} {[%emt 00:01:41]} 9. Qxf3
{[%clk 01:04:38]} {[%emt 00:01:45]} Qxd4 {[%clk 01:08:09]} {[%emt 00:01:33]}
10. O-O {[%clk 01:00:58]} {[%emt 00:04:09]} O-O {[%clk 01:03:32]} {[%emt
00:05:08]} 11. Rad1 {[%clk 00:54:19]} {[%emt 00:06:57]} Qb6 {[%clk 01:02:03]}
{[%emt 00:02:08]} 12. e5 {[%clk 00:50:52]} {[%emt 00:03:58]} dxe5 {[%clk
00:57:24]} {[%emt 00:05:09]} 13. Bxe5 {[%clk 00:50:51]} {[%emt 00:00:31]} Nbd7
{[%clk 00:56:38]} {[%emt 00:01:17]} 14. Bg3 {[%clk 00:46:46]} {[%emt 00:04:31]}
Qc5 {[%clk 00:54:14]} {[%emt 00:02:54]} 15. Ne4 {[%clk 00:42:23]} {[%emt
00:04:57]} Qf5 {[%clk 00:52:49]} {[%emt 00:01:51]} 16. Nxf6+ {[%clk 00:39:51]}
{[%emt 00:03:06]} Nxf6 {[%clk 00:52:47]} {[%emt 00:00:32]} 17. Qe2 {[%clk
00:37:58]} {[%emt 00:02:23]} e6 {[%clk 00:50:48]} {[%emt 00:02:25]} 18. Rd3
{[%clk 00:31:50]} {[%emt 00:06:42]} Qh5 {[%clk 00:43:35]} {[%emt 00:07:42]} 19.
Qd2 {[%clk 00:29:38]} {[%emt 00:02:43]} Ne4 {[%clk 00:41:50]} {[%emt 00:02:12]}
20. Qe3 {[%clk 00:26:33]} {[%emt 00:03:33]} Nxg3 {[%clk 00:40:49]} {[%emt
00:01:37]} 21. Qxg3 {[%clk 00:25:24]} {[%emt 00:01:36]} b5 {[%clk 00:39:57]}
{[%emt 00:01:24]} 22. Bxe6 {[%clk 00:15:08]} {[%emt 00:10:46]} fxe6 {[%clk
00:39:50]} {[%emt 00:00:38]} 23. Rd6 {[%clk 00:14:55]} {[%emt 00:00:41]} Be5
{[%clk 00:39:11]} {[%emt 00:01:10]} 24. Qh3 {[%clk 00:07:42]} {[%emt 00:07:44]}
Qxh3 {[%clk 00:39:26]} {[%emt 00:00:15]} 25. gxh3 {[%clk 00:08:07]} {[%emt
00:00:04]} Bxd6 {[%clk 00:39:46]} {[%emt 00:00:10]} 26. Rd1 {[%clk 00:08:01]}
{[%emt 00:00:36]} Rad8 {[%clk 00:39:44]} {[%emt 00:00:33]} 27. Re1 {[%clk
00:07:15]} {[%emt 00:01:15]} Bc5 {[%clk 00:39:10]} {[%emt 00:01:03]} 0-1

[Event "DEM U10w 2024"]
[Site "Willingen GER"]
[Date "2024.05.22"]
[Round "7"]
[White "Naz Öksüz, Meryem"]
[Black "Seyedfakhari, Elena"]
[Result "0-1"]
[Termination "normal"]
[Board "16"]
[WhiteElo "1154"]
[BlackElo "1060"]
[WhiteClock "01:07:43"]
[BlackClock "01:10:13"]
[PlyCount "60"]
[WhiteFideId "533025860"]
[BlackFideId "34639888"]
[EventCountry "GER"]
[EventRounds "11"]
[EventType "swiss"]
[EventDate "2024.05.18"]

1. e4 {[%clk 01:15:54]} {[%emt 00:00:05]} e5 {[%clk 01:15:54]} {[%emt
00:00:07]} 2. Nf3 {[%clk 01:16:05]} {[%emt 00:00:18]} Nc6 {[%clk 01:16:15]}
{[%emt 00:00:10]} 3. Bc4 {[%clk 01:16:25]} {[%emt 00:00:09]} Bc5 {[%clk
01:16:33]} {[%emt 00:00:13]} 4. O-O {[%clk 01:16:27]} {[%emt 00:00:27]} Nf6
{[%clk 01:16:52]} {[%emt 00:00:11]} 5. c3 {[%clk 01:15:39]} {[%emt 00:01:19]}
d6 {[%clk 01:17:12]} {[%emt 00:00:10]} 6. d4 {[%clk 01:15:52]} {[%emt
00:00:16]} exd4 {[%clk 01:17:14]} {[%emt 00:00:27]} 7. cxd4 {[%clk 01:16:15]}
{[%emt 00:00:09]} Bb6 {[%clk 01:17:11]} {[%emt 00:00:27]} 8. Bg5 {[%clk
01:16:15]} {[%emt 00:00:36]} h6 {[%clk 01:17:21]} {[%emt 00:00:20]} 9. Bh4
{[%clk 01:16:19]} {[%emt 00:00:26]} Bg4 {[%clk 01:17:17]} {[%emt 00:00:27]} 10.
Nbd2 {[%clk 01:16:09]} {[%emt 00:00:46]} Nxd4 {[%clk 01:17:18]} {[%emt
00:00:29]} 11. Qa4+ {[%clk 01:15:59]} {[%emt 00:00:38]} Qd7 {[%clk 01:16:41]}
{[%emt 00:01:08]} 12. Qxd7+ {[%clk 01:16:13]} {[%emt 00:00:17]} Nxd7 {[%clk
01:16:36]} {[%emt 00:00:34]} 13. Nxd4 {[%clk 01:16:29]} {[%emt 00:00:16]} Bxd4
{[%clk 01:16:44]} {[%emt 00:00:21]} 14. Nb3 {[%clk 01:16:37]} {[%emt 00:00:23]}
Bxb2 {[%clk 01:16:39]} {[%emt 00:00:34]} 15. Rab1 {[%clk 01:16:35]} {[%emt
00:00:33]} Be5 {[%clk 01:16:18]} {[%emt 00:00:50]} 16. Na5 {[%clk 01:15:52]}
{[%emt 00:01:12]} b6 {[%clk 01:15:45]} {[%emt 00:01:02]} 17. Nc6 {[%clk
01:15:41]} {[%emt 00:00:41]} Bf6 {[%clk 01:15:06]} {[%emt 00:01:06]} 18. Bxf6
{[%clk 01:15:57]} {[%emt 00:00:19]} Nxf6 {[%clk 01:15:09]} {[%emt 00:00:27]}
19. Bb5 {[%clk 01:15:39]} {[%emt 00:00:48]} O-O {[%clk 01:15:13]} {[%emt
00:00:27]} 20. Ne7+ {[%clk 01:15:20]} {[%emt 00:00:48]} Kh8 {[%clk 01:14:52]}
{[%emt 00:00:46]} 21. f3 {[%clk 01:14:25]} {[%emt 00:01:31]} Be6 {[%clk
01:14:44]} {[%emt 00:00:35]} 22. Rbc1 {[%clk 01:14:03]} {[%emt 00:00:54]} c5
{[%clk 01:14:08]} {[%emt 00:00:57]} 23. Bc6 {[%clk 01:13:39]} {[%emt 00:01:00]}
Rad8 {[%clk 01:13:52]} {[%emt 00:00:31]} 24. f4 {[%clk 01:12:51]} {[%emt
00:01:37]} Bxa2 {[%clk 01:12:29]} {[%emt 00:01:53]} 25. e5 {[%clk 01:12:39]}
{[%emt 00:00:42]} dxe5 {[%clk 01:12:10]} {[%emt 00:00:49]} 26. fxe5 {[%clk
01:13:02]} {[%emt 00:00:07]} Nd7 {[%clk 01:11:19]} {[%emt 00:01:12]} 27. Rc2
{[%clk 01:10:50]} {[%emt 00:02:50]} Be6 {[%clk 01:11:04]} {[%emt 00:00:40]} 28.
Ra1 {[%clk 01:10:21]} {[%emt 00:01:05]} Nxe5 {[%clk 01:10:57]} {[%emt
00:00:37]} 29. Rxa7 {[%clk 01:10:09]} {[%emt 00:00:42]} Ng4 {[%clk 01:10:35]}
{[%emt 00:00:49]} 30. h3 {[%clk 01:07:43]} {[%emt 00:02:58]} Rd1# {[%clk
01:10:13]} {[%emt 00:00:12]} 0-1

[Event "DEM U10w 2024"]
[Site "Willingen GER"]
[Date "2024.05.22"]
[Round "7"]
[White "Böhm, Arwen Skadi"]
[Black "Mudriievskaya, Esther"]
[Result "0-1"]
[Termination "normal"]
[Board "17"]
[WhiteElo "968"]
[BlackElo "1495"]
[WhiteClock "01:01:49"]
[BlackClock "00:56:18"]
[PlyCount "44"]
[BlackFideId "34676465"]
[EventCountry "GER"]
[EventRounds "11"]
[EventType "swiss"]
[EventDate "2024.05.18"]

1. e4 {[%clk 01:15:57]} {[%emt 00:00:02]} e6 {[%clk 01:15:47]} {[%emt
00:00:14]} 2. Nf3 {[%clk 01:16:18]} {[%emt 00:00:08]} d5 {[%clk 01:15:59]}
{[%emt 00:00:19]} 3. Nc3 {[%clk 01:16:30]} {[%emt 00:00:16]} d4 {[%clk
01:15:26]} {[%emt 00:01:03]} 4. Nb5 {[%clk 01:16:46]} {[%emt 00:00:14]} Nf6
{[%clk 01:15:00]} {[%emt 00:00:56]} 5. d3 {[%clk 01:16:29]} {[%emt 00:00:48]}
Nc6 {[%clk 01:13:14]} {[%emt 00:02:16]} 6. Bf4 {[%clk 01:16:34]} {[%emt
00:00:22]} Bd6 {[%clk 01:11:13]} {[%emt 00:02:31]} 7. Nxd6+ {[%clk 01:16:45]}
{[%emt 00:00:21]} cxd6 {[%clk 01:11:20]} {[%emt 00:00:23]} 8. g3 {[%clk
01:15:31]} {[%emt 00:01:44]} e5 {[%clk 01:09:36]} {[%emt 00:02:12]} 9. Bg5
{[%clk 01:15:48]} {[%emt 00:00:13]} h6 {[%emt 00:01:26]} 10. Bxf6 {[%clk
01:15:42]} {[%emt 00:00:05]} Qxf6 {[%clk 01:09:21]} {[%emt 00:00:22]} 11. Bg2
{[%clk 01:15:49]} {[%emt 00:00:23]} Be6 {[%clk 01:07:42]} {[%emt 00:02:00]} 12.
O-O {[%clk 01:15:47]} {[%emt 00:00:41]} g5 {[%clk 01:07:04]} {[%emt 00:01:06]}
13. c3 {[%clk 01:15:02]} {[%emt 00:01:18]} h5 {[%clk 01:06:06]} {[%emt
00:01:22]} 14. h4 {[%clk 01:10:43]} {[%emt 00:04:52]} gxh4 {[%clk 01:03:08]}
{[%emt 00:03:29]} 15. Nxh4 {[%clk 01:10:39]} {[%emt 00:00:29]} Bg4 {[%clk
01:00:13]} {[%emt 00:03:31]} 16. Nf3 {[%clk 01:10:31]} {[%emt 00:00:35]} h4
{[%clk 00:58:04]} {[%emt 00:02:37]} 17. gxh4 {[%clk 01:10:33]} {[%emt
00:00:31]} Rxh4 {[%clk 00:57:41]} {[%emt 00:00:53]} 18. cxd4 {[%clk 01:09:42]}
{[%emt 00:01:22]} Nxd4 {[%clk 00:57:16]} {[%emt 00:00:57]} 19. b4 {[%clk
01:02:06]} {[%emt 00:08:06]} Nxf3+ {[%clk 00:57:06]} {[%emt 00:00:41]} 20. Bxf3
{[%clk 01:01:55]} {[%emt 00:00:38]} Qxf3 {[%clk 00:56:38]} {[%emt 00:01:00]}
21. Qxf3 {[%clk 01:02:03]} {[%emt 00:00:17]} Bxf3 {[%clk 00:56:43]} {[%emt
00:00:29]} 22. Rad1 {[%clk 01:01:49]} {[%emt 00:00:44]} Rh1# {[%clk 00:56:18]}
{[%emt 00:00:24]} 0-1

[Event "DEM U10w 2024"]
[Site "Willingen GER"]
[Date "2024.05.22"]
[Round "7"]
[White "Lao, Theodora Siyuan"]
[Black "He, Siqi"]
[Result "1-0"]
[Termination "normal"]
[Board "18"]
[WhiteElo "1087"]
[BlackElo "907"]
[WhiteClock "01:10:12"]
[BlackClock "01:03:25"]
[PlyCount "101"]
[WhiteFideId "34667547"]
[BlackFideId "34682708"]
[EventCountry "GER"]
[EventRounds "11"]
[EventType "swiss"]
[EventDate "2024.05.18"]

1. e4 {[%emt 00:00:02]} e5 {[%clk 01:15:57]} {[%emt 00:00:03]} 2. Nc3 {[%clk
01:16:20]} {[%emt 00:00:08]} Nc6 {[%clk 01:16:21]} {[%emt 00:00:06]} 3. g3
{[%clk 01:16:43]} {[%emt 00:00:07]} Bc5 {[%clk 01:16:43]} {[%emt 00:00:09]} 4.
Bg2 {[%clk 01:17:04]} {[%emt 00:00:09]} Nf6 {[%clk 01:17:05]} {[%emt 00:00:07]}
5. Nge2 {[%clk 01:17:27]} {[%emt 00:00:07]} d6 {[%clk 01:17:09]} {[%emt
00:00:27]} 6. O-O {[%clk 01:17:42]} {[%emt 00:00:15]} O-O {[%clk 01:16:58]}
{[%emt 00:00:41]} 7. d3 {[%clk 01:17:50]} {[%emt 00:00:22]} h6 {[%clk
01:17:11]} {[%emt 00:00:17]} 8. Be3 {[%clk 01:17:45]} {[%emt 00:00:35]} Bxe3
{[%clk 01:17:01]} {[%emt 00:00:39]} 9. fxe3 {[%clk 01:18:03]} {[%emt 00:00:12]}
Ng4 {[%clk 01:17:03]} {[%emt 00:00:28]} 10. Qd2 {[%clk 01:17:19]} Be6 {[%clk
01:15:39]} {[%emt 00:03:09]} 11. d4 {[%clk 01:17:22]} exd4 {[%clk 01:15:03]}
{[%emt 00:01:32]} 12. exd4 {[%clk 01:17:38]} {[%emt 00:00:14]} Nf6 {[%clk
01:15:08]} {[%emt 00:00:24]} 13. d5 {[%clk 01:17:36]} {[%emt 00:00:33]} Qd7
{[%clk 01:13:58]} {[%emt 00:01:40]} 14. dxe6 {[%clk 01:17:29]} {[%emt
00:00:37]} Qxe6 {[%clk 01:14:07]} {[%emt 00:00:20]} 15. Qd3 {[%clk 01:15:07]}
{[%emt 00:02:50]} Nb4 {[%clk 01:13:53]} {[%emt 00:00:48]} 16. Qd2 {[%clk
01:14:43]} {[%emt 00:00:49]} c6 {[%clk 01:13:21]} {[%emt 00:01:05]} 17. a3
{[%clk 01:14:52]} {[%emt 00:00:22]} Na6 {[%clk 01:13:20]} {[%emt 00:00:31]} 18.
b4 {[%clk 01:13:52]} {[%emt 00:01:29]} Rad8 {[%clk 01:12:29]} {[%emt 00:01:22]}
19. Rad1 {[%clk 01:13:16]} {[%emt 00:01:07]} c5 {[%clk 01:11:43]} {[%emt
00:01:15]} 20. Rb1 {[%clk 01:12:29]} {[%emt 00:01:17]} Nc7 {[%clk 01:10:57]}
{[%emt 00:01:16]} 21. Rbd1 {[%clk 01:12:12]} {[%emt 00:00:44]} cxb4 {[%clk
01:08:22]} {[%emt 00:03:09]} 22. axb4 {[%clk 01:12:13]} {[%emt 00:00:29]} Rd7
{[%clk 01:07:59]} {[%emt 00:00:53]} 23. Nf4 {[%clk 01:10:01]} {[%emt 00:02:41]}
Qe5 {[%clk 01:07:17]} {[%emt 00:01:12]} 24. Bh3 {[%clk 01:09:47]} {[%emt
00:00:44]} Rdd8 {[%clk 01:06:24]} {[%emt 00:01:23]} 25. Bg2 {[%clk 01:09:41]}
{[%emt 00:00:35]} Rd7 {[%clk 01:06:22]} {[%emt 00:00:33]} 26. Bh3 {[%clk
01:08:58]} {[%emt 00:01:14]} Rdd8 {[%clk 01:06:36]} {[%emt 00:00:14]} 27. Qd4
{[%emt 00:01:57]} Qxd4+ {[%clk 01:04:33]} {[%emt 00:01:57]} 28. Rxd4 {[%clk
01:08:19]} {[%emt 00:00:20]} b6 {[%clk 01:03:35]} {[%emt 00:01:28]} 29. Ncd5
{[%clk 01:07:37]} {[%emt 00:01:04]} Ncxd5 {[%clk 01:03:50]} {[%emt 00:00:23]}
30. Nxd5 {[%clk 01:07:57]} {[%emt 00:00:10]} Nxd5 {[%clk 01:03:29]} {[%emt
00:00:50]} 31. exd5 {[%clk 01:08:03]} {[%emt 00:00:25]} a5 {[%clk 01:03:01]}
{[%emt 00:00:57]} 32. bxa5 {[%clk 01:08:17]} {[%emt 00:00:16]} bxa5 {[%clk
01:03:21]} {[%emt 00:00:11]} 33. Ra1 {[%clk 01:08:11]} {[%emt 00:00:36]} Rc8
{[%clk 01:03:05]} {[%emt 00:00:43]} 34. Bxc8 {[%clk 01:08:00]} {[%emt
00:00:43]} Rxc8 {[%clk 01:03:19]} {[%emt 00:00:16]} 35. Rxa5 {[%clk 01:08:13]}
{[%emt 00:00:18]} Rxc2 {[%clk 01:03:40]} {[%emt 00:00:08]} 36. Ra6 {[%clk
01:08:22]} {[%emt 00:00:22]} Rc1+ {[%clk 01:02:06]} {[%emt 00:00:49]} 37. Kf2
{[%clk 01:08:40]} {[%emt 00:01:26]} Rc2+ {[%clk 01:02:05]} {[%emt 00:00:31]}
38. Ke3 {[%clk 01:09:05]} {[%emt 00:00:05]} Rc3+ {[%clk 01:02:27]} {[%emt
00:00:09]} 39. Ke4 {[%clk 01:08:57]} {[%emt 00:00:37]} Rc2 {[%clk 01:02:32]}
{[%emt 00:00:25]} 40. h4 {[%clk 01:09:09]} {[%emt 00:00:18]} Rg2 {[%clk
01:02:43]} {[%emt 00:00:19]} 41. Rxd6 {[%clk 01:09:17]} {[%emt 00:00:21]} Rxg3
{[%clk 01:03:02]} {[%emt 00:00:11]} 42. Rc6 {[%clk 01:09:27]} {[%emt 00:00:19]}
Rg4+ {[%clk 01:03:21]} {[%emt 00:00:14]} 43. Kd3 {[%clk 01:09:42]} {[%emt
00:00:11]} Rg3+ {[%clk 01:03:30]} {[%emt 00:00:24]} 44. Kc4 {[%clk 01:10:00]}
{[%emt 00:00:13]} g5 {[%clk 01:03:45]} {[%emt 00:00:14]} 45. d6 {[%clk
01:10:08]} {[%emt 00:00:22]} Kg7 {[%clk 01:03:44]} {[%emt 00:00:29]} 46. d7
{[%clk 01:10:16]} {[%emt 00:00:24]} gxh4 {[%clk 01:04:08]} {[%emt 00:00:07]}
47. Rxh4 {[%clk 01:10:24]} {[%emt 00:00:21]} f6 {[%clk 01:03:21]} {[%emt
00:01:17]} 48. d8=Q {[%clk 01:10:31]} {[%emt 00:00:25]} Re3 {[%emt 00:00:48]}
49. Qd7+ {[%clk 01:10:00]} {[%emt 00:00:49]} Kg6 {[%clk 01:03:28]} {[%emt
00:00:13]} 50. Rg4+ {[%clk 01:09:54]} {[%emt 00:00:38]} Kh5 {[%clk 01:03:25]}
{[%emt 00:00:34]} 51. Qf5+ {[%clk 01:10:12]} {[%emt 00:00:11]} 1-0

[Event "DEM U10w 2024"]
[Site "Willingen GER"]
[Date "2024.05.22"]
[Round "7"]
[White "Malan, Benita Helena"]
[Black "Yamshchikova, Oleksandra"]
[Result "0-1"]
[Termination "normal"]
[Board "19"]
[WhiteElo "738"]
[BlackElo "1032"]
[WhiteClock "01:06:07"]
[BlackClock "01:05:32"]
[PlyCount "68"]
[BlackFideId "34171118"]
[EventCountry "GER"]
[EventRounds "11"]
[EventType "swiss"]
[EventDate "2024.05.18"]

1. e4 {[%clk 01:15:58]} {[%emt 00:00:01]} e5 {[%clk 01:15:55]} {[%emt
00:00:06]} 2. Nf3 {[%clk 01:16:21]} {[%emt 00:00:06]} Nc6 {[%clk 01:16:21]}
{[%emt 00:00:05]} 3. Bc4 {[%clk 01:16:43]} {[%emt 00:00:08]} Bc5 {[%clk
01:16:47]} {[%emt 00:00:04]} 4. c3 {[%clk 01:17:05]} {[%emt 00:00:07]} Nf6
{[%clk 01:17:11]} {[%emt 00:00:06]} 5. d4 {[%clk 01:17:28]} {[%emt 00:00:07]}
exd4 {[%clk 01:17:34]} {[%emt 00:00:08]} 6. cxd4 {[%clk 01:17:49]} {[%emt
00:00:08]} Bb4+ {[%clk 01:17:50]} {[%emt 00:00:14]} 7. Nc3 {[%clk 01:18:08]}
{[%emt 00:00:10]} Nxe4 {[%clk 01:18:10]} {[%emt 00:00:12]} 8. O-O {[%clk
01:18:14]} {[%emt 00:00:21]} Bxc3 {[%clk 01:17:59]} {[%emt 00:00:44]} 9. bxc3
{[%clk 01:18:28]} {[%emt 00:00:15]} O-O {[%clk 01:17:57]} {[%emt 00:00:32]} 10.
d5 {[%clk 01:17:58]} {[%emt 00:00:59]} Ne7 {[%clk 01:17:39]} {[%emt 00:00:49]}
11. Bb2 {[%clk 01:13:23]} {[%emt 00:05:06]} Nf6 {[%clk 01:17:10]} {[%emt
00:00:58]} 12. Qc2 {[%clk 01:13:11]} {[%emt 00:00:42]} h6 {[%clk 01:16:54]}
{[%emt 00:00:45]} 13. Ba3 {[%clk 01:11:32]} {[%emt 00:02:09]} d6 {[%clk
01:16:59]} {[%emt 00:00:26]} 14. Bc1 {[%clk 01:09:38]} {[%emt 00:02:23]} a6
{[%clk 01:15:13]} {[%emt 00:02:18]} 15. Bd3 {[%clk 01:09:55]} {[%emt 00:00:11]}
Nexd5 {[%clk 01:13:04]} {[%emt 00:02:40]} 16. Bg5 {[%clk 01:08:56]} {[%emt
00:01:29]} hxg5 {[%clk 01:11:56]} {[%emt 00:01:38]} 17. Nxg5 {[%clk 01:09:07]}
{[%emt 00:00:17]} g6 {[%clk 01:11:17]} {[%emt 00:01:11]} 18. Bxg6 {[%clk
01:08:50]} {[%emt 00:00:45]} fxg6 {[%clk 01:11:20]} {[%emt 00:00:29]} 19. Qxg6+
{[%clk 01:08:15]} {[%emt 00:01:04]} Kh8 {[%clk 01:11:22]} {[%emt 00:00:30]} 20.
c4 {[%clk 01:07:25]} {[%emt 00:01:20]} Nb6 {[%clk 01:10:04]} {[%emt 00:01:48]}
21. Rae1 {[%clk 01:07:39]} {[%emt 00:00:15]} Qd7 {[%clk 01:09:23]} {[%emt
00:01:10]} 22. Re3 {[%clk 01:07:40]} {[%emt 00:00:29]} Qg7 {[%clk 01:08:57]}
{[%emt 00:00:57]} 23. Qb1 {[%clk 01:07:44]} {[%emt 00:00:25]} Qxg5 {[%clk
01:08:20]} {[%emt 00:01:07]} 24. Qa1 {[%clk 01:07:28]} {[%emt 00:00:46]} Bd7
{[%clk 01:08:16]} {[%emt 00:00:33]} 25. Re7 {[%clk 01:07:22]} {[%emt 00:00:36]}
Rae8 {[%clk 01:08:33]} {[%emt 00:00:14]} 26. Rfe1 {[%clk 01:06:43]} {[%emt
00:01:08]} Rxe7 {[%clk 01:08:25]} {[%emt 00:00:39]} 27. Rxe7 {[%clk 01:06:56]}
{[%emt 00:00:17]} Kg8 {[%clk 01:07:52]} {[%emt 00:01:04]} 28. a3 {[%clk
01:05:54]} {[%emt 00:01:32]} Rf7 {[%clk 01:06:35]} {[%emt 00:01:45]} 29. Re2
{[%clk 01:05:09]} {[%emt 00:01:15]} Bc6 {[%clk 01:06:09]} {[%emt 00:00:53]} 30.
Kf1 {[%clk 01:05:12]} {[%emt 00:00:32]} Qxg2+ {[%clk 01:05:59]} {[%emt
00:00:41]} 31. Ke1 {[%clk 01:05:31]} {[%emt 00:00:10]} Qg1+ {[%clk 01:06:20]}
{[%emt 00:00:09]} 32. Kd2 {[%clk 01:05:48]} {[%emt 00:00:14]} Qxa1 {[%clk
01:06:43]} {[%emt 00:00:06]} 33. a4 {[%clk 01:06:04]} {[%emt 00:00:16]} Ne4+
{[%clk 01:05:58]} {[%emt 00:01:14]} 34. Kc2 {[%clk 01:06:07]} {[%emt 00:00:24]}
Bxa4+ {[%clk 01:05:32]} {[%emt 00:00:27]} 0-1

[Event "DEM U10w 2024"]
[Site "Willingen GER"]
[Date "2024.05.22"]
[Round "7"]
[White "Hirtzel, Hanna Meiki"]
[Black "Wittmann, Finja-Marie"]
[Result "1-0"]
[Termination "normal"]
[Board "20"]
[WhiteElo "942"]
[BlackElo "763"]
[WhiteClock "00:53:25"]
[BlackClock "01:04:44"]
[PlyCount "37"]
[BlackFideId "34673903"]
[EventCountry "GER"]
[EventRounds "11"]
[EventType "swiss"]
[EventDate "2024.05.18"]

1. d4 {[%clk 01:15:58]} {[%emt 00:00:01]} d5 {[%clk 01:15:51]} {[%emt
00:00:09]} 2. c4 {[%clk 01:16:22]} {[%emt 00:00:06]} dxc4 {[%clk 01:16:04]}
{[%emt 00:00:18]} 3. e3 {[%clk 01:16:39]} {[%emt 00:00:13]} Be6 {[%clk
01:16:14]} {[%emt 00:00:19]} 4. Nc3 {[%clk 01:16:23]} {[%emt 00:00:46]} Nf6
{[%clk 01:16:32]} {[%emt 00:00:12]} 5. Nf3 {[%clk 01:15:36]} {[%emt 00:01:17]}
Nc6 {[%clk 01:16:53]} {[%emt 00:00:10]} 6. b3 {[%clk 01:09:35]} {[%emt
00:06:30]} Na5 {[%clk 01:16:30]} {[%emt 00:00:54]} 7. Ne5 {[%clk 01:01:58]}
{[%emt 00:08:05]} Nd5 {[%clk 01:14:50]} {[%emt 00:02:12]} 8. Nxd5 {[%clk
01:00:34]} {[%emt 00:01:53]} Bxd5 {[%clk 01:15:11]} {[%emt 00:00:08]} 9. bxc4
{[%clk 01:00:23]} {[%emt 00:00:42]} e6 {[%clk 01:15:11]} {[%emt 00:00:31]} 10.
cxd5 {[%clk 01:00:03]} {[%emt 00:00:49]} Bb4+ {[%clk 01:15:34]} {[%emt
00:00:07]} 11. Bd2 {[%clk 00:59:49]} {[%emt 00:00:38]} Qd6 {[%clk 01:15:05]}
{[%emt 00:01:05]} 12. a3 {[%clk 00:59:33]} {[%emt 00:00:47]} Nb3 {[%clk
01:14:01]} {[%emt 00:01:34]} 13. Bxb4 {[%clk 00:58:28]} {[%emt 00:01:32]} Qxd5
{[%clk 01:14:03]} {[%emt 00:00:31]} 14. Bc4 {[%clk 00:56:44]} {[%emt 00:02:09]}
Qd8 {[%clk 01:11:28]} {[%emt 00:03:08]} 15. Qxb3 {[%clk 00:55:51]} {[%emt
00:01:23]} Qf6 {[%clk 01:11:12]} {[%emt 00:00:46]} 16. Qa4+ {[%clk 00:53:58]}
{[%emt 00:02:19]} c6 {[%clk 01:11:26]} {[%emt 00:00:20]} 17. Bb5 {[%clk
00:53:28]} {[%emt 00:00:57]} cxb5 {[%clk 01:04:25]} {[%emt 00:07:35]} 18. Qxb5+
{[%clk 00:53:25]} {[%emt 00:00:33]} Kd8 {[%clk 01:04:44]} {[%emt 00:00:11]} 19.
Qd7# {[%emt 00:00:39]} 1-0